| 000 | 00415nam a2200157Ia 4500 | ||
|---|---|---|---|
| 008 | 210716s2009 xx 000 0 und d | ||
| 020 | _a9788184047301 | ||
| 041 | _aeng | ||
| 082 | _a004.65 ANDA | ||
| 100 | _aAnderson, Al; Benedetti, Ryan. | ||
| 245 | _aHead first networking. | ||
| 250 | _a1 | ||
| 260 |
_aMumbai _bShroff publishers and distributors pvt ltd _c2009 |
||
| 300 | _axxxvi,500,18 | ||
| 650 | _aNone | ||
| 999 |
_c189733 _d189733 |
||